[Event "Bundesliga 2223"]
[Site "Germany"]
[Date "2023.04.30"]
[Round "15.8"]
[White "Loxine, Jakov"]
[Black "Kniest, Oliver"]
[Result "1/2-1/2"]
[WhiteElo "2391"]
[BlackElo "2282"]
[PlyCount "41"]
[EventDate "2022.10.21"]
[EventType "team-tourn"]
[EventRounds "15"]
[EventCountry "GER"]
[SourceTitle "CBM 213 Extra"]
[Source "ChessBase"]
[SourceDate "2023.05.31"]
[SourceVersion "1"]
[SourceVersionDate "2023.05.31"]
[SourceQuality "1"]
[WhiteTeam "Dresden TU"]
[BlackTeam "Solingen"]
[WhiteTeamCountry "GER"]
[BlackTeamCountry "GER"]

1. c4 e6 2. Nf3 d5 3. g3 Nf6 4. Bg2 dxc4 5. Qa4+ Bd7 6. Qxc4 c5 7. 0-0 Nc6 8. b3 Rc8 9. Bb2 Be7 10. d3 0-0 11. Nbd2 Qc7 12. Rac1 e5 13. a3 Qb8 14. Qc2 Nd4 15. Qd1 Nxf3+ 16. Bxf3 Bc6 17. Rc2 Bd6 18. Qa1 Rfe8 19. Rfc1 Bxf3 20. Nxf3 Nd7 21. Bc3 1/2-1/2

[Event "Bundesliga 1920"]
[Site "Germany"]
[Date "2021.10.15"]
[Round "11.8"]
[White "Lamby, Philipp"]
[Black "Kniest, Oliver"]
[Result "1/2-1/2"]
[WhiteElo "2129"]
[BlackElo "2282"]
[PlyCount "46"]
[EventDate "2019.11.23"]
[EventType "team-tourn"]
[EventRounds "15"]
[EventCountry "GER"]
[SourceTitle "EXT 2022"]
[Source "ChessBase"]
[SourceDate "2021.10.06"]
[SourceVersion "1"]
[SourceVersionDate "2021.10.06"]
[SourceQuality "1"]
[WhiteTeam "Aachen"]
[BlackTeam "Solingen"]
[WhiteTeamCountry "GER"]
[BlackTeamCountry "GER"]

1. d4 d5 2. c4 e6 3. Nc3 c6 4. e3 Nf6 5. Nf3 Nbd7 6. b3 Bb4 7. Bd2 0-0 8. Bd3 Qe7 9. 0-0 e5 10. dxe5 Nxe5 11. Nxe5 Qxe5 12. Nxd5 Nxd5 13. cxd5 Bxd2 14. Qxd2 Qxd5 15. Rad1 Qc5 16. Rc1 Qe7 17. Rfd1 Be6 18. Qc2 h6 19. Bc4 Rfd8 20. Qe4 Rxd1+ 21. Rxd1 Rd8 22. Rxd8+ Qxd8 23. h3 Bxc4 1/2-1/2

[Event "Reykjavik op"]
[Site "Reykjavik"]
[Date "2017.04.21"]
[Round "4"]
[White "Haessel, Dale R"]
[Black "Kniest, Oliver"]
[Result "0-1"]
[WhiteElo "2095"]
[BlackElo "2301"]
[PlyCount "68"]
[EventDate "2017.04.19"]
[EventType "swiss"]
[EventRounds "10"]
[EventCountry "ISL"]
[SourceTitle "CBM 178 Extra"]
[Source "ChessBase"]
[SourceDate "2017.06.22"]
[SourceVersion "1"]
[SourceVersionDate "2017.06.22"]
[SourceQuality "1"]

1. d4 Nf6 2. c4 e6 3. Nc3 Bb4 4. e3 d5 5. a3 Bxc3+ 6. bxc3 c6 7. Nf3 0-0 8. Bd3 b6 9. cxd5 cxd5 10. Qe2 Bb7 11. 0-0 Qc8 12. c4 dxc4 13. Bxc4 Ba6 14. Ne5 Bxc4 15. Nxc4 Nbd7 16. Bb2 Qa6 17. Rfc1 Rac8 18. Qf1 b5 19. Nd2 Qa4 20. Qd3 Nb6 21. e4 Rfd8 22. f3 Nfd7 23. Qe3 Rc2 24. Rxc2 Qxc2 25. Bc3 Rc8 26. Bb4 Nc4 27. Nxc4 Rxc4 28. Qg5 h6 29. Qd8+ Kh7 30. Qxd7 Qb2 31. Re1 Rc2 32. Qd6 Rxg2+ 33. Kh1 Qf2 34. Qf4 Rg6 0-1

[Event "BL2-West 1617"]
[Site "Germany"]
[Date "2017.02.19"]
[Round "6.8"]
[White "Kniest, Oliver"]
[Black "Schiefelbusch, Dirk"]
[Result "1-0"]
[WhiteElo "2288"]
[BlackElo "2104"]
[PlyCount "81"]
[EventDate "2016.10.16"]
[EventType "team-tourn"]
[EventRounds "9"]
[EventCountry "GER"]
[SourceTitle "EXT 2018"]
[Source "ChessBase"]
[SourceDate "2017.10.13"]
[SourceVersion "1"]
[SourceVersionDate "2017.10.13"]
[SourceQuality "1"]
[WhiteTeam "Solingen II"]
[BlackTeam "Dortmund Hansa"]
[WhiteTeamCountry "GER"]
[BlackTeamCountry "GER"]

1. d4 d5 2. c4 c6 3. Nf3 Nf6 4. Nbd2 Bf5 5. Nh4 Bc8 6. e3 e6 7. Nhf3 Bd6 8. Bd3 0-0 9. b3 Nbd7 10. Bb2 dxc4 11. bxc4 c5 12. 0-0 b6 13. Qe2 Qc7 14. h3 Bb7 15. Ng5 h6 16. Nge4 Be7 17. dxc5 bxc5 18. Ng3 Ne5 19. Bc2 Rab8 20. Bc3 Rfd8 21. f4 Nc6 22. Nf3 Rbc8 23. Rac1 Rd6 24. Be5 Qa5 25. Bxd6 Bxd6 26. Rfd1 Be7 27. Ne4 Nb4 28. Nxf6+ Bxf6 29. Bb1 Qa3 30. Ne5 Ba6 31. Qd2 Re8 32. Rc3 Qa5 33. Qc1 Rd8 34. a3 Rxd1+ 35. Qxd1 Nd5 36. Rb3 Nb6 37. Kh2 g6 38. Nd7 Nxd7 39. Qxd7 Bxc4 40. Rb8+ Kg7 41. Qe8 1-0

[Event "Leipzig VfB op 23rd"]
[Site "Leipzig"]
[Date "2016.03.19"]
[Round "7"]
[White "Kniest, Oliver"]
[Black "Urban, Konstantin"]
[Result "1/2-1/2"]
[WhiteElo "2291"]
[BlackElo "2215"]
[PlyCount "35"]
[EventDate "2016.03.15"]
[EventType "swiss"]
[EventRounds "9"]
[EventCountry "GER"]
[SourceTitle "EXT 2017"]
[Source "ChessBase"]
[SourceDate "2016.10.25"]
[SourceVersion "1"]
[SourceVersionDate "2016.10.25"]
[SourceQuality "1"]

1. d4 Nf6 2. c4 g6 3. Nc3 Bg7 4. e4 d6 5. f3 0-0 6. Be3 a6 7. Qd2 Nbd7 8. Nge2 c5 9. Rd1 Qa5 10. dxc5 Nxc5 11. Nd4 Be6 12. Be2 Rfc8 13. a3 Ncd7 14. Nxe6 fxe6 15. f4 b5 16. cxb5 axb5 17. e5 dxe5 18. Bf3 1/2-1/2

[Event "Leipzig VfB op 23rd"]
[Site "Leipzig"]
[Date "2016.03.18"]
[Round "6"]
[White "Graf, Alexander"]
[Black "Kniest, Oliver"]
[Result "1/2-1/2"]
[WhiteElo "2586"]
[BlackElo "2291"]
[PlyCount "53"]
[EventDate "2016.03.15"]
[EventType "swiss"]
[EventRounds "9"]
[EventCountry "GER"]
[SourceTitle "EXT 2017"]
[Source "ChessBase"]
[SourceDate "2016.10.25"]
[SourceVersion "1"]
[SourceVersionDate "2016.10.25"]
[SourceQuality "1"]

1. d4 d5 2. c4 e6 3. Nc3 c6 4. e3 Nf6 5. Nf3 Nbd7 6. Qc2 Bd6 7. Bd3 0-0 8. 0-0 dxc4 9. Bxc4 b5 10. Bd3 Bb7 11. e4 e5 12. Ne2 c5 13. dxc5 Nxc5 14. Ng3 Rc8 15. Qe2 Nxd3 16. Qxd3 Qb6 17. Be3 Bc5 18. Bxc5 Qxc5 19. Rfe1 Rfd8 20. Qe2 h6 21. h3 a6 22. a3 Rc7 23. Rad1 Rxd1 24. Qxd1 Rd7 25. Qa1 Rc7 26. b4 Qc3 27. Nxe5 1/2-1/2

[Event "Leipzig VfB op 23rd"]
[Site "Leipzig"]
[Date "2016.03.16"]
[Round "2"]
[White "Petiko, Nikolai"]
[Black "Kniest, Oliver"]
[Result "1/2-1/2"]
[WhiteElo "2042"]
[BlackElo "2291"]
[PlyCount "78"]
[EventDate "2016.03.15"]
[EventType "swiss"]
[EventRounds "9"]
[EventCountry "GER"]
[SourceTitle "EXT 2017"]
[Source "ChessBase"]
[SourceDate "2016.10.25"]
[SourceVersion "1"]
[SourceVersionDate "2016.10.25"]
[SourceQuality "1"]

1. e4 e6 2. d3 c5 3. g3 Nc6 4. Bg2 g6 5. f4 Bg7 6. Nf3 d6 7. c3 Nge7 8. 0-0 0-0 9. Be3 f5 10. exf5 gxf5 11. Na3 Rb8 12. Nc2 b6 13. d4 Qc7 14. Re1 h6 15. Bf2 Bd7 16. Ne3 d5 17. Rc1 c4 18. b4 b5 19. Ne5 Nxe5 20. dxe5 a5 21. a3 Ra8 22. Nc2 Nc6 23. Bc5 Rfe8 24. Nd4 Nxd4 25. Qxd4 Ra6 26. Rcd1 Bf8 27. Bxf8 Rxf8 28. h3 Qa7 29. Qxa7 Rxa7 30. Kf2 axb4 31. axb4 Ra2+ 32. Re2 Rfa8 33. Rdd2 Rxd2 34. Rxd2 Ra3 35. Rc2 d4 36. cxd4 Rd3 37. Bf3 Rxd4 38. Ke2 Kf7 39. Rd2 Rxd2+ 1/2-1/2

[Event "BL2-West 1516"]
[Site "Germany"]
[Date "2016.02.21"]
[Round "7.8"]
[White "Kniest, Oliver"]
[Black "Bus, Tom"]
[Result "1/2-1/2"]
[WhiteElo "2292"]
[BlackElo "2176"]
[PlyCount "114"]
[EventDate "2015.09.20"]
[EventType "team-tourn"]
[EventRounds "9"]
[EventCountry "GER"]
[SourceTitle "EXT 2017"]
[Source "ChessBase"]
[SourceDate "2016.10.25"]
[SourceVersion "1"]
[SourceVersionDate "2016.10.25"]
[SourceQuality "1"]
[WhiteTeam "Solingen"]
[BlackTeam "Muelheim II"]
[WhiteTeamCountry "GER"]
[BlackTeamCountry "GER"]

1. d4 Nf6 2. c4 c5 3. d5 b5 4. cxb5 a6 5. bxa6 g6 6. Nc3 Bg7 7. e4 0-0 8. a7 Rxa7 9. Nf3 Qb6 10. Be2 Ba6 11. 0-0 d6 12. Re1 Ng4 13. h3 Ne5 14. Nxe5 Bxe5 15. Qc2 Bxe2 16. Rxe2 Na6 17. Be3 Rb8 18. Qd1 Qa5 19. Rb1 Rab7 20. Rc1 Rxb2 21. Rxb2 Rxb2 22. Bd2 Qb4 23. Be1 Qd4 24. Qg4 f5 25. exf5 Qxg4 26. hxg4 Nb4 27. Rd1 Nc2 28. Bd2 Nb4 29. Be1 Nc2 30. Bd2 Na3 31. Ne4 Rxa2 32. Bc3 Re2 33. Bxe5 Rxe4 34. Bg3 Rxg4 35. f6 Kf7 36. fxe7 Kxe7 37. Rd3 Nb5 38. f4 c4 39. Re3+ Kd7 40. Kf2 Nc7 41. Rc3 Nxd5 42. Rxc4 g5 43. Ra4 gxf4 44. Bh2 Rh4 45. Bg1 Ke6 46. Kf3 h5 47. Re4+ Kf5 48. Rd4 Ke5 49. Re4+ Kf5 50. Rd4 Ke6 51. Re4+ Kd7 52. Rd4 Rh1 53. Rxd5 Rxg1 54. Rxh5 Rf1+ 55. Ke2 Rb1 56. Rf5 Rb4 57. Kf3 Ke6 1/2-1/2

[Event "Solingen-ch"]
[Site "Solingen"]
[Date "2015.11.20"]
[Round "6"]
[White "Kniest, Oliver"]
[Black "Lemanczyk, Thomas"]
[Result "1/2-1/2"]
[WhiteElo "2291"]
[BlackElo "2224"]
[PlyCount "36"]
[EventDate "2015.09.04"]
[EventType "swiss"]
[EventRounds "7"]
[EventCountry "GER"]
[SourceTitle "EXT 2018"]
[Source "ChessBase"]
[SourceDate "2017.10.13"]
[SourceVersion "1"]
[SourceVersionDate "2017.10.13"]
[SourceQuality "1"]

1. d4 Nf6 2. Bg5 d5 3. e3 c5 4. Bxf6 gxf6 5. Nc3 e6 6. dxc5 Bxc5 7. Qh5 Qe7 8. 0-0-0 Nc6 9. Nge2 a6 10. Nf4 Bd7 11. Ncxd5 exd5 12. Nxd5 Qe5 13. Qxe5+ Nxe5 14. Nc7+ Ke7 15. Nxa8 Rxa8 16. Be2 Bc6 17. Rhg1 f5 18. h3 Ng6 1/2-1/2

[Event "Solingen-ch"]
[Site "Solingen"]
[Date "2015.10.14"]
[Round "4"]
[White "Kniest, Oliver"]
[Black "Zolfagharian, Kevin"]
[Result "1-0"]
[WhiteElo "2291"]
[BlackElo "2110"]
[PlyCount "59"]
[EventDate "2015.09.04"]
[EventType "swiss"]
[EventRounds "7"]
[EventCountry "GER"]
[SourceTitle "EXT 2018"]
[Source "ChessBase"]
[SourceDate "2017.10.13"]
[SourceVersion "1"]
[SourceVersionDate "2017.10.13"]
[SourceQuality "1"]

1. d4 d5 2. c4 c6 3. Nf3 Nf6 4. Nbd2 Bf5 5. Nh4 Be6 6. e3 g5 7. Nhf3 g4 8. Ne5 h5 9. b3 Nbd7 10. Nxd7 Qxd7 11. Bd3 Bg7 12. Qc2 Rd8 13. Bb2 0-0 14. c5 Qc7 15. 0-0-0 b6 16. h3 bxc5 17. hxg4 c4 18. bxc4 dxc4 19. Nxc4 Bxg4 20. f3 Be6 21. g4 Bxc4 22. Bxc4 hxg4 23. Rdg1 Rfe8 24. fxg4 Nd5 25. Rf1 Qg3 26. Qh7+ Kf8 27. Qg6 Qxe3+ 28. Kc2 Nb4+ 29. Kb1 Qe1+ 30. Bc1 1-0

[Event "BL2-West 1415"]
[Site "Germany"]
[Date "2015.02.01"]
[Round "6.6"]
[White "Kniest, Oliver"]
[Black "Braun, Christian"]
[Result "0-1"]
[WhiteElo "2302"]
[BlackElo "2360"]
[PlyCount "126"]
[EventDate "2014.09.21"]
[EventType "team-tourn"]
[EventRounds "9"]
[EventCountry "GER"]
[SourceTitle "CBM 166 Extra"]
[Source "ChessBase"]
[SourceDate "2015.06.18"]
[SourceVersion "1"]
[SourceVersionDate "2015.06.18"]
[SourceQuality "1"]
[WhiteTeam "Solingen II"]
[BlackTeam "Aachen Aufwaerts"]
[WhiteTeamCountry "GER"]
[BlackTeamCountry "GER"]

1. d4 Nf6 2. c4 g6 3. Nc3 Bg7 4. e4 d6 5. f3 0-0 6. Be3 c6 7. Bd3 d5 8. e5 Ne8 9. cxd5 cxd5 10. Qd2 Nc6 11. f4 Nc7 12. Nf3 Bg4 13. 0-0 f6 14. exf6 exf6 15. f5 g5 16. Rac1 Ne7 17. Ne1 Qd7 18. Qf2 Ne8 19. h3 Bh5 20. g4 Bf7 21. Qg2 Nd6 22. Rc2 Nc4 23. Bf2 Rac8 24. Nb1 Nc6 25. a3 Rfe8 26. Qf3 Bf8 27. Ng2 Nd6 28. Nd2 Kg7 29. Re1 Rxe1+ 30. Nxe1 Re8 31. Rc1 Nc4 32. Nxc4 dxc4 33. Bxc4 Nxd4 34. Qd1 Bxc4 35. Qxd4 Qxd4 36. Bxd4 b5 37. Bxa7 Re2 38. Bd4 Bd6 39. Nf3 Bf4 40. Re1 Rd2 41. Re7+ Kf8 42. Bc5 Bd5 43. Bb4 Rxb2 44. Rd7+ Rxb4 45. Rxd5 Rb3 46. Kf2 Bc1 47. Nd4 Be3+ 48. Kg2 Bxd4 49. Rxd4 Rxa3 50. Rd7 h6 51. Rb7 Rb3 52. Kh2 b4 53. Kg2 Rb2+ 54. Kf3 Rb3+ 55. Ke4 Rxh3 56. Kd5 Re3 57. Kd6 h5 58. gxh5 b3 59. h6 Kg8 60. Rg7+ Kh8 61. Rb7 g4 62. Kd5 g3 63. Kd4 Re1 0-1

[Event "Solingen-ch"]
[Site "Solingen"]
[Date "2014.11.21"]
[Round "6"]
[White "Kesseler, Heiko"]
[Black "Kniest, Oliver"]
[Result "0-1"]
[WhiteElo "1947"]
[BlackElo "2302"]
[PlyCount "62"]
[EventDate "2014.09.12"]
[EventType "swiss"]
[EventRounds "7"]
[EventCountry "GER"]
[SourceTitle "EXT 2016"]
[Source "ChessBase"]
[SourceDate "2015.10.08"]
[SourceVersion "1"]
[SourceVersionDate "2015.10.08"]
[SourceQuality "1"]

1. e4 e5 2. Nf3 Nc6 3. Nc3 Nf6 4. d4 exd4 5. Nxd4 Bb4 6. Nxc6 bxc6 7. Bg5 h6 8. Bd2 Qe7 9. Qe2 d6 10. Qc4 c5 11. 0-0-0 0-0 12. f3 Rb8 13. Bd3 c6 14. e5 dxe5 15. Qh4 Nd5 16. Qe4 Nf6 17. Qh4 c4 18. Bxc4 Bf5 19. g4 Bg6 20. Rhg1 Rfd8 21. Bb3 Rd4 22. Qf2 c5 23. g5 hxg5 24. Bxg5 c4 25. Bxf6 Qxf6 26. Rxd4 exd4 27. Nd5 Qc6 28. Rxg6 fxg6 29. Qg3 Rb7 30. Qg5 cxb3 31. axb3 Bf8 0-1